[Event "BCF-ch Soanes U1750 op"]
[Site "Hull"]
[Date "2024.07.28"]
[Round "5"]
[White "Misra, Anay"]
[Black "Blackburn, Jon E"]
[Result "0-1"]
[WhiteElo "1289"]
[BlackElo "1699"]
[PlyCount "68"]
[EventDate "2024.07.26"]
[EventType "swiss"]
[EventRounds "5"]
[EventCountry "ENG"]
[SourceTitle "CBM 221 Extra"]
[Source "ChessBase"]
[SourceDate "2024.09.30"]
[SourceVersion "1"]
[SourceVersionDate "2024.09.30"]
[SourceQuality "1"]

1. d4 d5 2. Bf4 Nf6 3. Nf3 c5 4. c3 Nc6 5. e3 Bf5 6. Be2 e6 7. 0-0 cxd4 8. exd4 h6 9. h3 Bd6 10. Ne5 Qc7 11. Bb5 0-0 12. Re1 Ne4 13. f3 Nxe5 14. dxe5 Bc5+ 15. Kh2 Ng5 16. Bxg5 hxg5 17. b4 Be7 18. Bd3 Bxd3 19. Qxd3 Rac8 20. Kh1 Qc4 21. Qxc4 Rxc4 22. Re3 Rfc8 23. a4 d4 24. cxd4 Rxd4 25. b5 Rc1+ 26. Kh2 Rdd1 27. Rb3 Bc5 28. Kg3 Bd4 29. b6 Bxe5+ 30. Kg4 axb6 31. Ra2 Rxb1 32. Re3 Rb4+ 33. Kh5 Rh4+ 34. Kxg5 Bf6# 0-1

[Event "BCF-ch U12 rapid"]
[Site "Hull"]
[Date "2024.07.27"]
[Round "7"]
[White "Misra, Anay"]
[Black "Van Neerven, Yvon"]
[Result "1/2-1/2"]
[WhiteElo "1579"]
[BlackElo "1349"]
[PlyCount "140"]
[EventDate "2024.07.26"]
[EventType "swiss (rapid)"]
[EventRounds "9"]
[EventCountry "ENG"]
[SourceTitle "CBM 221 Extra"]
[Source "ChessBase"]
[SourceDate "2024.09.30"]
[SourceVersion "1"]
[SourceVersionDate "2024.09.30"]
[SourceQuality "1"]

1. e4 c6 2. d4 d5 3. e5 Bf5 4. Nf3 e6 5. c4 c5 6. Qb3 Qb6 7. cxd5 Qxb3 8. axb3 exd5 9. Nc3 Be6 10. Nb5 Kd7 11. Rxa7 Rxa7 12. Nxa7 Nc6 13. Nxc6 bxc6 14. Bd3 Nh6 15. Bxh6 gxh6 16. 0-0 Rg8 17. Kh1 cxd4 18. Nxd4 Rg4 19. Nxe6 fxe6 20. f4 Bc5 21. f5 Bd4 22. fxe6+ Ke7 23. h3 Rg5 24. Rc1 Rxe5 25. Rxc6 Rxe6 26. Rc7+ Kd8 27. Rc1 Re3 28. Bxh7 Rxb3 29. Rd1 Bxb2 30. Rxd5+ Ke7 31. Rd1 Bf6 32. Re1+ Kf8 33. Kh2 Bh4 34. Rf1+ Kg7 35. Bf5 Bg3+ 36. Kh1 Re3 37. Rd1 h5 38. Bb1 h4 39. Kg1 Kf6 40. Bd3 Ke5 41. Rd2 Re1+ 42. Bf1 Bf4 43. Re2+ Rxe2 44. Bxe2 Bg3 45. Bg4 Kd4 46. Kf1 Ke3 47. Be2 Kf4 48. Ba6 Ke3 49. Bb7 Kf4 50. Ke2 Ke5 51. Kf3 Kf5 52. Bc8+ Ke5 53. Kg4 Kd4 54. Bb7 Kc3 55. Kf3 Kb2 56. Ke2 Kc3 57. Ke3 Kb4 58. Kd4 Ka5 59. Kc5 Ka4 60. Kc4 Ka5 61. Bc6 Kb6 62. Bf3 Kc7 63. Kd5 Kd7 64. Ke4 Ke6 65. Bg4+ Kf6 66. Kd5 Kg5 67. Ke6 Kf4 68. Kf6 Ke3 69. Kg5 Kd2 70. Bh5 Kc3 1/2-1/2

[Event "BCF-ch Soanes U1750 op"]
[Site "Hull"]
[Date "2024.07.26"]
[Round "1"]
[White "Keshari, Rohit"]
[Black "Misra, Anay"]
[Result "0-1"]
[WhiteElo "1591"]
[BlackElo "1289"]
[PlyCount "84"]
[EventDate "2024.07.26"]
[EventType "swiss"]
[EventRounds "5"]
[EventCountry "ENG"]
[SourceTitle "CBM 221 Extra"]
[Source "ChessBase"]
[SourceDate "2024.09.30"]
[SourceVersion "1"]
[SourceVersionDate "2024.09.30"]
[SourceQuality "1"]

1. d4 Nf6 2. e3 e6 3. Bd3 d5 4. f4 c5 5. c3 Nc6 6. Nd2 Bd7 7. Ngf3 Bd6 8. 0-0 0-0 9. Ne5 Re8 10. Qf3 h6 11. g4 cxd4 12. exd4 Qe7 13. g5 hxg5 14. fxg5 Bxe5 15. gxf6 Bxf6 16. Qh5 g6 17. Qf3 Bg7 18. b3 Nxd4 19. Qf2 Nb5 20. Bxb5 Bxb5 21. Ba3 Qg5+ 22. Kh1 Bxf1 23. Rxf1 f5 24. Rg1 Qf6 25. Bb2 e5 26. c4 d4 27. Rf1 Qc6+ 28. Kg1 d3 29. Qg3 e4 30. Bxg7 Kxg7 31. Rxf5 e3 32. Nf3 d2 33. Rd5 Rad8 34. Nxd2 exd2 35. Qc3+ Kg8 36. Rxd2 Rxd2 37. Qxd2 Qc5+ 38. Kh1 Qe5 39. Qh6 Qe1+ 40. Kg2 Re2+ 41. Kh3 Qf1+ 42. Kh4 Rxh2+ 0-1

[Event "BCF-ch U12 rapid"]
[Site "Hull"]
[Date "2024.07.26"]
[Round "2"]
[White "Misra, Anay"]
[Black "Norris, Zack"]
[Result "0-1"]
[WhiteElo "1579"]
[BlackElo "1746"]
[PlyCount "156"]
[EventDate "2024.07.26"]
[EventType "swiss (rapid)"]
[EventRounds "9"]
[EventCountry "ENG"]
[SourceTitle "CBM 221 Extra"]
[Source "ChessBase"]
[SourceDate "2024.09.30"]
[SourceVersion "1"]
[SourceVersionDate "2024.09.30"]
[SourceQuality "1"]

1. e4 c5 2. a3 Nc6 3. b4 d6 4. b5 Nb8 5. a4 Nf6 6. Nc3 g6 7. Nf3 Bg7 8. Rb1 0-0 9. Bc4 b6 10. 0-0 Bb7 11. Re1 Nxe4 12. Nxe4 d5 13. Bd3 c4 14. Bxc4 dxe4 15. Ng5 Qc7 16. Bb3 e6 17. Ba3 Re8 18. Nxe4 Rd8 19. d3 a6 20. Bc4 axb5 21. Bxb5 Bc6 22. c4 Nd7 23. Bd6 Qb7 24. Be7 Rdb8 25. Nd6 Qc7 26. Ne4 Be5 27. d4 Bxh2+ 28. Kh1 Bxe4 29. Rxe4 Bd6 30. Bxd6 Qxd6 31. d5 Nc5 32. Rd4 e5 33. Rh4 Qf6 34. Rh3 Ne4 35. Rf3 Nxf2+ 36. Rxf2 Qxf2 37. Bc6 Ra7 38. d6 Qh4+ 39. Kg1 Qxc4 40. d7 Qc5+ 41. Kh1 Rd8 42. Rc1 Rdxd7 43. Bxd7 Rxd7 44. Qe1 Qd4 45. Qf1 Qxa4 46. Qf6 Rd1+ 47. Rxd1 Qxd1+ 48. Kh2 Qd4 49. Qe7 e4 50. Kg3 e3 51. Kf3 Qd5+ 52. Ke2 Qd2+ 53. Kf3 Qf2+ 54. Ke4 Qf5+ 55. Kxe3 Qc5+ 56. Qxc5 bxc5 57. Ke4 h5 58. Kd5 g5 59. Kxc5 Kg7 60. Kd5 Kg6 61. Ke5 h4 62. Ke4 f5+ 63. Ke3 Kh5 64. Kf3 f4 65. Kf2 Kg4 66. Kg1 Kg3 67. Kh1 h3 68. Kg1 g4 69. Kh1 hxg2+ 70. Kg1 Kh3 71. Kf2 Kh2 72. Ke2 g1Q 73. Kd3 Qe3+ 74. Kc4 f3 75. Kb5 f2 76. Ka6 f1Q+ 77. Ka5 Qb1 78. Ka4 Qa7# 0-1

[Event "BCF-ch U12 blitz"]
[Site "Hull"]
[Date "2024.07.25"]
[Round "3"]
[White "Misra, Anay"]
[Black "Helsby, Matthew"]
[Result "0-1"]
[WhiteElo "1908"]
[BlackElo "1496"]
[PlyCount "98"]
[EventDate "2024.07.25"]
[EventType "swiss (blitz)"]
[EventRounds "9"]
[EventCountry "ENG"]
[SourceTitle "CBM 221 Extra"]
[Source "ChessBase"]
[SourceDate "2024.09.30"]
[SourceVersion "1"]
[SourceVersionDate "2024.09.30"]
[SourceQuality "1"]

1. e4 c6 2. d4 d5 3. exd5 cxd5 4. Nf3 Nf6 5. Bb5+ Nc6 6. 0-0 Qc7 7. g3 Bh3 8. Re1 e6 9. Bf4 Bd6 10. Ne5 0-0 11. Nc3 a6 12. Bxc6 bxc6 13. a4 Rab8 14. b3 c5 15. Nb1 cxd4 16. Nd3 Bg4 17. Qc1 Bf5 18. Bxd6 Qxd6 19. Nf4 e5 20. Ng2 Rfc8 21. Na3 d3 22. c4 Rxb3 23. Ne3 Be4 24. Nb1 Rb4 25. Qd2 dxc4 26. Ng4 Nxg4 27. Rxe4 Nf6 28. Re1 Rb3 29. Nc3 Rcb8 30. Rec1 Rb2 31. Qe1 d2 32. Qd1 dxc1Q 33. Qxc1 Qb6 34. Kg2 Qc6+ 35. Kg1 Qf3 36. Qe1 Ng4 37. Ne4 Re2 38. Qf1 Rxe4 39. h3 Nf6 40. Qg2 Qxg2+ 41. Kxg2 Rb3 42. Rf1 c3 43. Rc1 Re2 44. Rd1 h6 45. Kf3 Reb2 46. Rd8+ Kh7 47. Rd1 e4+ 48. Ke3 c2+ 49. Ke2 Rd3 0-1